La Méthode 6 : Ethique Edgar Morin Editions du Seuil Paris, 2004 (notice n° 1598146)
[ vue normale ]
| 000 -LEADER | |
|---|---|
| fixed length control field | 01956cam a2200181 4500500 |
| 005 - DATE AND TIME OF LATEST TRANSACTION | |
| control field | 20251228075717.0 |
| 041 ## - LANGUAGE CODE | |
| Language code of text/sound track or separate title | fre |
| 042 ## - AUTHENTICATION CODE | |
| Authentication code | dc |
| 100 10 - MAIN ENTRY--PERSONAL NAME | |
| Personal name | Le Goff, Jean-François |
| Relator term | author |
| 245 00 - TITLE STATEMENT | |
| Title | La Méthode 6 : Ethique Edgar Morin Editions du Seuil Paris, 2004 |
| 260 ## - PUBLICATION, DISTRIBUTION, ETC. | |
| Date of publication, distribution, etc. | 2005.<br/> |
| 500 ## - GENERAL NOTE | |
| General note | 100 |
| 520 ## - SUMMARY, ETC. | |
| Summary, etc. | Après le temps fort du coup de foudre, place à la crise. Est-ce le même couple? Les reproches que s’adressent mutuellement les conjoints leur permettent de rester ensemble dans l’attente nostalgique du bonheur escompté lors du coup de foudre. A la faveur de la crise, la relation du couple peut évoluer lorsque chaque conjoint, en se changeant lui-même, parvient à aider l’autre à changer. Une nouvelle définition de la relation est ainsi produite. |
| 520 ## - SUMMARY, ETC. | |
| Summary, etc. | From love at first sight to marital crisis. Some working hypotheses.From the lofts of falling in love at first sight to the depths of marital crisis, can this be the same couple? Mutual blaming leads to sustaining the relationship in hopes of rekindling the love affair. The marital crisis contributes to improving the relationship as each partner changes and in so doing helps the other to evolve therefore affording a new definition to the relationship. |
| 520 ## - SUMMARY, ETC. | |
| Summary, etc. | Del flechazo a la crisis conyugal. Hipótesis de trabajo.¿Tras el flechazo, la crisis? ¿Se trata de la misma pareja? Los reproches mutuos permiten a los cónyuges mantener viva su unión en la espera nostálgica de la felicidad que el flechazo les descubrió. Gracias a la crisis, la relación de pareja podrá evolucionar en la medida en que cada cónyuge, cambiándose a si mismo, ayude, a su vez, al otro a cambiar. Así es cómo se creará una nueva definición de la relación. |
| 786 0# - DATA SOURCE ENTRY | |
| Note | Thérapie Familiale | 26 | 3 | 2005-09-01 | p. 315a-323a | 0250-4952 |
| 856 41 - ELECTRONIC LOCATION AND ACCESS | |
| Uniform Resource Identifier | <a href="https://shs.cairn.info/revue-therapie-familiale-2005-3-page-315a?lang=fr&redirect-ssocas=7080">https://shs.cairn.info/revue-therapie-familiale-2005-3-page-315a?lang=fr&redirect-ssocas=7080</a> |
Pas d'exemplaire disponible.




Réseaux sociaux